| 000 | 00687nam a22002417a 4500 | ||
|---|---|---|---|
| 005 | 20251120133316.0 | ||
| 008 | 180919b2017 xxu||||| |||| 00| 0 spa d | ||
| 020 | _a9789930539286 | ||
| 041 | _aESP | ||
| 082 | _aCR 863.44 B197c | ||
| 100 |
_aBaltodano Quirós, Miguel Ángel _943946 |
||
| 245 | _aCuando el sueño americano se convierte en pesadilla: un tico ilegal en los Estados Unidos | ||
| 260 | _aCosta Rica | ||
| 260 | _bEdinexo | ||
| 260 | _c2017 | ||
| 300 | _a256 páginas | ||
| 490 | _aTemática General | ||
| 650 | _aLITERATURA COSTARRICENSE | ||
| 650 | _aNOVELA COSTARRICENSE | ||
| 650 | _aSUEÑO AMERICANO | ||
| 650 | _aINMIGRANTES | ||
| 942 |
_cLIT _2ddc |
||
| 999 |
_c11132 _d11132 |
||